00901nam a2200241 i 4500001000300000003000900003005001700012008003900029015001600068040004800084080001900132245007700151250002500228260005600253300003300309380001700342658002800359655005000387650002900437700005300466710004200519856009800561bgKOSZ 00520200630132824.0070904s1968 pl a f 000 0 pol aPB 1969/655 aWA NcKOSZ 005/RWdKOSZ 005/RWdKOSZ 005/HR a621.1.01:536.700aZbiór zadań z termodynamiki technicznej /cS. Ochęduszko [et al.]. aWyd. 2 popr. i uzup. aWarszawa :bPaństwowe Wydawnictwo Naukowe,c1968. a597, [1] s. :bil. ;c25 cm. aKsiążki. aInżynieria i technika 4aĆwiczenia i zadania dla szkół wyższych 4aTermodynamika techniczna1 aOchęduszko, Stanisławd(1899-1969).eRedakcja2 aPaństwowe Wydawnictwo Naukowe4pbl. uhttp://koha.tu.koszalin.pl/cgi-bin/koha/opac-detail.pl?biblionumber=11652yKatalog online BPK